| 000 | 00880nam a22002177a 4500 | ||
|---|---|---|---|
| 003 | BUBTL | ||
| 008 | 231017b ||||| |||| 00| 0 eng d | ||
| 020 | _a9844103487 | ||
| 041 | _aben | ||
| 082 | _a491.445/ Sh139b/ 2003 | ||
| 100 |
_95311 _aশহীদুল্লাহ, মুহম্মদ |
||
| 245 |
_aবাঙ্গালা ব্যাকরণ / _cডক্টর মুহম্মদ শহীদুল্লাহ |
||
| 250 | _a2nd ed. | ||
| 260 |
_aঢাকা : _bমাওলা ব্রাদার্স, _cc2003 |
||
| 300 |
_a228 p. : _c22 cm. |
||
| 505 | _aবাঙ্গালা ব্যাকরণ, ডক্টর মুহম্মদ শহীদুল্লাহ, বাংলা ভাষা | ||
| 650 | 0 |
_95139 _aবাংলা ভাষা |
|
| 856 |
_k0 _l0 _yDownload |
||
| 942 |
_2ddc _cBK |
||
| 999 |
_c7118 _d7118 |
||